000 00616nam a2200181Ia 4500
008 220204s9999 xx 000 0 und d
082 _a330.133:338.5
_bWOR
245 0 _aPrice prospects for major primary commodities, 1990-2005. 2 V
260 _aWashington
_bWorld Bank
_c1993
505 _aV 1.. Summary, energy, metals and minerals. V 2.. Agricultural products fertilizers, tropical timber
650 _acocoa products
650 _aenergy commodity market
650 _aFutures trading
650 _aMetals commodity market
650 _aMinerals commodity market
650 _aRubber trade
942 _cBK
999 _c40520
_d40520